Lý thuyết Ergodic và ứng dụng : Luận văn tốt nghiệp Cao học. Chuyên ngành Lý thuyết xác suất và Thống kê toán học

Nghiên cứu tìm hiểu bản chất và nội dung cơ bản của lý thuyết ergodic, tìm hiểu các ứng dụng của nó trong liên phân số, entropy.

Sparad:
Bibliografiska uppgifter
Huvudupphovsman: Lưu, Thị Hồng Trang
Materialtyp: Bok
Språk:Undetermined
Publicerad: Cần Thơ Trường Đại học Cần Thơ 2019
Ämnen:
Taggar: Lägg till en tagg
Inga taggar, Lägg till första taggen!
Thư viện lưu trữ: Trung tâm Học liệu Trường Đại học Cần Thơ
LEADER 00998nam a2200217Ia 4500
001 CTU_232562
008 210402s9999 xx 000 0 und d
082 |a 515.48 
082 |b Tr106 
088 |a 8460106 
100 |a Lưu, Thị Hồng Trang 
245 0 |a Lý thuyết Ergodic và ứng dụng : 
245 0 |b Luận văn tốt nghiệp Cao học. Chuyên ngành Lý thuyết xác suất và Thống kê toán học 
245 0 |c Lưu Thị Hồng Trang ; Lâm Hoàng Chương (Cán bộ hướng dẫn) 
260 |a Cần Thơ 
260 |b Trường Đại học Cần Thơ 
260 |c 2019 
520 |a Nghiên cứu tìm hiểu bản chất và nội dung cơ bản của lý thuyết ergodic, tìm hiểu các ứng dụng của nó trong liên phân số, entropy. 
650 |a Ergodic theory,Lý thuyết Ergodic 
910 |b nthai 
980 |a Trung tâm Học liệu Trường Đại học Cần Thơ